Josh O'Connor Filmography - Statistics

General Stats
  • This quiz has been taken 31 times
    12 since last reset
  • The average score is 8 of 45
Answer Stats
Type Year Name % Correct
Film 2024 Challengers
100%
Film 2025 Wake Up Dead Man
89%
Film 2017 God's Own Country
78%
Film 2023 La Chimera
78%
Web Series 2019-2020 The Crown
78%
Film 2020 Emma.
56%
Film 2025 The History of Sound
56%
Film 2025 The Mastermind
56%
TV Film 2021 Romeo & Juliet
44%
TV Show 2016-2019 The Durrells
44%
TV Show 2014 Peaky Blinders
33%
Film 2014 The Riot Club
33%
TV Show 2013 Doctor Who
22%
Short Film 2016 Best Man
11%
Film 2015 Bridgend
11%
Film 2015 Cinderella
11%
Film TBA Jack of Spades
11%
TV Mini-Series 2019 Les Misérables
11%
Film 2025 Rebuilding
11%
Film 2022 Aisha
0%
Film 2023 Bonus Track
0%
Film 2018 Boys on Film 18: Heroes
0%
Theater 2013 Farragut North
0%
TV Show 2015 Father Brown
0%
Film 2016 Florence Foster Jenkins
0%
TV Show 2021 Great Performances
0%
Film 2014 Hide and Seek
0%
Short Film 2015 Holding on for a Good Time
0%
Film 2019 Hope Gap
0%
Documentary 2024 Jean Cocteau
0%
TV Show 2013 Law & Order: UK
0%
Film 2023 Lee
0%
TV Show 2012 Lewis
0%
TV Mini-Series 2013 London Irish
0%
Composer 2011 Michael Myers in Love
0%
Film 2021 Mothering Sunday
0%
Film 2018 Only You
0%
Theater 2015 Oppenheimer
0%
TV Show 2014 Ripper Street
0%
Short Documentary 2017 The Colour of His Hair
0%
Film 2012 The Eschatrilogy: Book of the Dead
0%
Film 2013 The Magnificent Eleven
0%
Film 2015 The Program
0%
TV Film 2013 The Wipers Times
0%
Theater 2014 Versailles
0%
No matching quizzes found
Score Distribution
Percent of People with Each Score
Percentile by Number Answered
Your Score History
You have not taken this quiz since the last reset